000 00871nam a22002657a 4500
001 BR9504411
003 BR-BrBNA
005 20230928094630.0
007 ta
008 230509b bl.||||| |||| 00| 0 por d
040 _aBR-BrBNA
_bpor
_cBiblioteca Nacional de Agricultura
041 _a(Por)
072 _aL01
_b7100
090 _ 7100 BR9504411
110 1 _aInstituto de Pesquisa Agropecuaria do Centro Oeste, Sete Lagoas, MG (Brasil)
111 1 _a2. Congresso Brasileiro de Apicultura
_cSete Lagoas, MG (Brazil)
_d4-6 Sep 1972
245 1 _a2. Congresso Brasileiro de Apicultura com participacao internacional. 2. Feira - Exposicao de Materiais e Produtos Apicolas
260 3 _aSete Lagoas, MG (Brasil):
_c1972.
300 _a299 p.
650 _aAbelha
650 _aMel
650 _aApicultura
909 _a202309
_bLucia
_c55
_dLucia Elande
942 _cBK
999 _c51770
_d51770